Yüklüyor......

Athbhutha gunangal Kaykanikalil Pazhangalil /

Detaylı Bibliyografya
Yazar: Manuel, Joseph
Dil:Undetermined
Baskı/Yayın Bilgisi: Kottayam : Avanthi Publications , 1998.
Konular:
LEADER 00513nam a2200157Ia 4500
001 143769
008 170722s9999 xx 000 0 und d
100 |a Manuel, Joseph 
245 |a Athbhutha gunangal  |b Kaykanikalil Pazhangalil / 
260 |a Kottayam :  |b Avanthi Publications ,  |c 1998. 
300 |a 143 p. 
653 |a Agriculture 
653 |a Fruits 
942 |c GEN 
999 |c 118283  |d 118283 
952 |0 0  |1 0  |4 0  |6 J_37_000000000000000_32N8  |7 0  |9 167201  |a LIB  |b LIB  |d 2017-08-12  |o J37 32N8  |p 232217  |r 2017-08-12  |v 40.00  |w 2017-08-12  |y GEN